000 00856nam a2200253Ia 4500
003 OSt
005 20221005112458.0
006 a|||||r|||| 00| 0
007 ta
008 221004b |||||||| |||| 00| 0 pan d
020 _a9789350689899 (hbk)
_cINR 300.00
024 _a32823
037 _b790, 27/02/2017, H.K. Prakashan
_cTextual
040 _aCRL
_cCRL
_bpan
041 _2pan
_apan
082 _aO153,3NMA1x, Q5
100 _aਮਾਨ, ਕੁਲਜੀਤ, ਂਚ.
245 0 _aਝੁਮਕੇ
260 _aਚੰਡੀਗੜ
_bਲੋਕਗੀਤ ਪ੍ਰਕਾFਨ ਭਾਰਤ
_c2015
300 _a224ਪ੍ਰ0
_ccm.
650 _a ਪੰਜਾਬੀ ਕਹਾਣੀ
942 _hO153,3NMA1x, Q5
_cTEXL
_2cc
999 _c1025004
_d1025004